| 000 | 01219nam a2200241Ia 4500 | ||
|---|---|---|---|
| 003 | Ost | ||
| 005 | 20260507075603.0 | ||
| 008 | 260507s9999||||xx |||||||||||||| ||und|| | ||
| 020 | _a9773770176 | ||
| 040 | _cfsecg | ||
| 041 | _aara | ||
| 082 | _a330 | ||
| 100 |
_aيونج، تريقور .ل _eمؤلف |
||
| 245 | 0 |
_aالمرجع في ادارة المشروعات : _bالدليل العلمي للسياسات و التدابير الفاعلة / _c تريقور .ل يونج |
|
| 260 |
_aالقاهرة: _bمجموعة النيل العربية, _c2005 |
||
| 300 |
_a408 صفحة؛ _bإيضاحات ؛ _c24 سم |
||
| 504 | _aملاحق ص.397 | ||
| 520 | _aالتغيير: البرامج و المشروعات, و كذا تنظيم ادارة البرامج اضافة الى الادوار الرئيسية و كذا البداية:افكار و فرص المشروعات و كذا تحديد المشروع و تخطيط مشروعك و بدء المشروع و تنفيذ اعمال المشروع و انهاء المشروع و اخيرا استخدام الكمبيوتر. | ||
| 653 | _aادارة الاعمال | ||
| 653 | _aالبرامج | ||
| 653 | _aالمشروعات | ||
| 942 | _cكتاب | ||
| 999 |
_c45023 _d45023 |
||